[Event "IRL-ch 100th Weekday op"]
[Site "Dublin"]
[Date "2021.08.05"]
[Round "4"]
[White "Harrington, Eoin"]
[Black "O'Connell, Elliot"]
[Result "0-1"]
[WhiteElo "1587"]
[BlackElo "873"]
[PlyCount "54"]
[EventDate "2021.08.02"]
[EventType "swiss"]
[EventRounds "5"]
[EventCountry "IRL"]
[SourceTitle "EXT 2022"]
[Source "ChessBase"]
[SourceDate "2021.10.06"]
[SourceVersion "1"]
[SourceVersionDate "2021.10.06"]
[SourceQuality "1"]

1. e4 c5 2. Nc3 d6 3. g3 g6 4. Bg2 Bg7 5. d3 Nd7 6. f4 e6 7. Nge2 Ne7 8. 0-0 Rb8 9. g4 h5 10. f5 hxg4 11. fxe6 fxe6 12. Bg5 Bh6 13. Nf4 Ne5 14. Bxh6 Rxh6 15. Qd2 Rh8 16. Rf2 N7c6 17. Nfe2 Qh4 18. Bh1 g5 19. Nd1 Nd4 20. Nxd4 cxd4 21. Qe2 g3 22. Rg2 gxh2+ 23. Rxh2 Qg3+ 24. Qg2 Qe1+ 25. Qf1 Qxf1+ 26. Kxf1 Rxh2 27. Nf2 Ng4 0-1

[Event "IRL-ch 100th First Week"]
[Site "Dublin"]
[Date "2021.07.25"]
[Round "4"]
[White "Singhal, Vivaan"]
[Black "O'Connell, Elliot"]
[Result "0-1"]
[WhiteElo "700"]
[BlackElo "873"]
[PlyCount "67"]
[EventDate "2021.07.23"]
[EventType "swiss"]
[EventRounds "5"]
[EventCountry "IRL"]
[SourceTitle "EXT 2022"]
[Source "ChessBase"]
[SourceDate "2021.10.06"]
[SourceVersion "1"]
[SourceVersionDate "2021.10.06"]
[SourceQuality "1"]

1. f4 d5 2. Nf3 Nf6 3. b3 c5 4. e3 e6 5. Bb2 Be7 6. Be2 Nc6 7. 0-0 0-0 8. Ne5 Nxe5 9. fxe5 Nd7 10. d3 Qc7 11. Nd2 Nxe5 12. Qe1 Ng6 13. Bh5 Bd7 14. Bxg6 fxg6 15. Qe2 Bf6 16. Bxf6 gxf6 17. Rf3 e5 18. Raf1 Bg4 19. e4 Bxf3 20. Rxf3 d4 21. Qf2 Kg7 22. Rh3 Kg8 23. Qh4 a5 24. Nc4 a4 25. Nb6 Ra6 26. Nxa4 Rf7 27. Rf3 b5 28. Nb2 Qa5 29. Qg4 Ra8 30. Qe6 Raf8 31. Rxf6 Kg7 32. Rxf7+ Rxf7 33. Qxe5+ Kh6 34. Qf4+ 0-1